000 00448nam a2200169Ia 4500
008 221030s9999 xx 000 0 und d
020 _a9788177583250
041 _aEnglish
100 _aG. B. Thomas
245 0 _aCalculus & Analytical Geometry 9th Edition
_cby G. B. Thomas, R. L. Finney
250 _a9th
260 _bPearson Education
_aNoida
_c2021
300 _a1157
650 _aBE Mathematics
700 _aR. L. Finney
942 _cBK
999 _c18782
_d18782